000 00862cam a2200277 a 4500
001 sa 65010823
003 DLC
005 20260227112211.0
008 801006s1965 ii a b 000 0 eng
010 _asa 65010823
035 _a(OCoLC)6794048
040 _aDLC
_cDLC
_dDLC
041 0 _aeng
_ahin
043 _aa-ii---
050 0 0 _aPK116
_b.R3
100 0 _aRaghu Vira.
245 1 0 _aIndia's national language :
_ba collection of the articles of Prof. Dr. Raghu Vira.
260 _aNew Delhi :
_bInternational Academy of India Culture,
_c1965.
300 _a351 p. :
_bill. ;
_c25 cm.
490 1 _aŚata-piṭaka series ;
_vv. 36 =
_aŚatapiṭakam
546 _aIn English and Hindi.
504 _aIncludes bibliographical references.
651 0 _aIndia
_xLanguages.
650 0 _aOriental languages.
830 0 _aŚata-piṭaka series ;
_vv. 36.
999 _c66965
_d66965